000 00742nam a2200253Ia 4500
003 OSt
005 20220923214803.0
006 a|||||r|||| 00| 0
007 ta
008 220922b |||||||| |||| 00| 0 hin d
024 _a172,825
037 _cTextual
040 _aARTS
_cARTS
_bhin
041 _2hin
_ahin
082 _aO152,6N05x, J0
100 _aजैन, जैनेन्द्र कुमार
245 0 _aपूर्वोदय
246 _aPūrvodaya
250 _aसंस्क0 3
260 _c1964
650 _aहिन्दी साहित्य
_9156264
942 _hO152,6N05x, J0
_cTEXL
_2CC
999 _c326773
_d326773